header

Service-oriented modeling (Record no. 41085)

MARC details
000 -LEADER
fixed length control field 01435nam a2200373 a 4500
082 04 - DEWEY DECIMAL CLASSIFICATION NUMBER
Classification number 004.068
100 1# - MAIN ENTRY--AUTHOR NAME
Personal name Bell, Michael,
245 10 - TITLE STATEMENT
Title Service-oriented modeling
260 ## - PUBLICATION, DISTRIBUTION, ETC. (IMPRINT)
Place of publication Hoboken, N.J. :
Name of publisher John Wiley & Sons,
Year of publication c2008.
300 ## - PHYSICAL DESCRIPTION
Number of Pages xvii, 366 p. :
Other physical details ill.
650 #0 - SUBJECT ADDED ENTRY--TOPICAL TERM
Topical Term Business enterprises
Topical Term System design.
Topical Term Computer software
Topical Term Computer simulation.
Topical Term Computer network architectures.
856 40 - ELECTRONIC LOCATION AND ACCESS
Uniform Resource Identifier http://site.ebrary.com/lib/rucke/Doc?id=10225349

No items available.

© 2026 Rongo University
Contact us: librarian | system librarian | Rongo university